[Event "ROM-ch U14"]
[Site "Calimanesti"]
[Date "2018.03.31"]
[Round "6"]
[White "Ungureanu, David Mihai"]
[Black "Tudoroiu, Razvan Catalin"]
[Result "0-1"]
[WhiteElo "1307"]
[BlackElo "1001"]
[PlyCount "110"]
[EventDate "2018.03.27"]
[EventType "swiss"]
[EventRounds "9"]
[EventCountry "ROU"]
[SourceTitle "CBM 183 Extra"]
[Source "ChessBase"]
[SourceDate "2018.04.19"]
[SourceVersion "1"]
[SourceVersionDate "2018.04.19"]
[SourceQuality "1"]

1. d4 Nf6 2. c4 g6 3. Nc3 Bg7 4. e4 d6 5. h3 0-0 6. Nf3 Nbd7 7. Bg5 h6 8. Be3 e5 9. d5 Nh5 10. Qc1 Kh7 11. Bd3 Nhf6 12. 0-0 Ng8 13. Nh2 f5 14. exf5 gxf5 15. f3 Kh8 16. Bb1 f4 17. Bf2 Ndf6 18. Bh4 Qe8 19. Qc2 Qh5 20. Bxf6 Nxf6 21. Ng4 Bxg4 22. hxg4 Qg5 23. Ne4 Nxe4 24. Qxe4 Kg8 25. Qh7+ Kf7 26. Qe4 h5 27. gxh5 Qxh5 28. Bc2 Rh8 29. Kf2 Qh4+ 30. Ke2 Qg3 31. Qf5+ Bf6 32. Qe6+ Kg7 33. Qd7+ Kf8 34. Bf5 Qxg2+ 35. Rf2 Qg7 36. Qa4 Qg3 37. Bg4 a6 38. Qd7 Rh2 39. Raf1 Rxf2+ 40. Rxf2 Qh4 41. Qxc7 b5 42. Qxd6+ Be7 43. Qg6 Qf6 44. Qh7 bxc4 45. Qe4 Rb8 46. Kf1 Qh6 47. Qxc4 Qh1+ 48. Ke2 Rxb2+ 49. Kd3 Qh7+ 50. Kc3 Rxf2 51. Qc8+ Kg7 52. Bf5 Qh1 53. Kb3 Qxf3+ 54. Qc3 Qxd5+ 55. Qc4 Rf3+ 0-1

[Event "ROM-ch U12"]
[Site "Baile Felix"]
[Date "2017.02.05"]
[Round "4"]
[White "Ungureanu, David Mihai"]
[Black "Cristinescu, Darius Petre"]
[Result "1/2-1/2"]
[WhiteElo "1303"]
[BlackElo "1205"]
[PlyCount "36"]
[EventDate "2017.02.02"]
[EventType "swiss"]
[EventRounds "9"]
[EventCountry "ROU"]
[SourceTitle "CBM 176 Extra"]
[Source "ChessBase"]
[SourceDate "2017.03.02"]
[SourceVersion "1"]
[SourceVersionDate "2017.03.02"]
[SourceQuality "1"]

1. d4 d5 2. c4 e6 3. Nc3 Nf6 4. Nf3 Nc6 5. Bf4 a6 6. e3 b6 7. Be2 Bd6 8. Bxd6 Qxd6 9. a3 0-0 10. 0-0 h6 11. h3 Ne7 12. Bd3 Nf5 13. Qe1 Bb7 14. Nh2 Ne4 15. Nxe4 dxe4 16. g4 exd3 17. gxf5 exf5 18. f3 Rfe8 1/2-1/2

[Event "ROM-ch U12"]
[Site "Calimanesti Caciulata"]
[Date "2016.04.25"]
[Round "9"]
[White "Ungureanu, David Mihai"]
[Black "Nicoara, David Cristian"]
[Result "1/2-1/2"]
[WhiteElo "1271"]
[BlackElo "1517"]
[PlyCount "52"]
[EventDate "2016.04.18"]
[EventType "swiss"]
[EventRounds "9"]
[EventCountry "ROU"]
[SourceTitle "EXT 2017"]
[Source "ChessBase"]
[SourceDate "2016.10.25"]
[SourceVersion "1"]
[SourceVersionDate "2016.10.25"]
[SourceQuality "1"]

1. d4 d5 2. Nf3 Bf5 3. e3 e6 4. Bd3 Bxd3 5. Qxd3 Nf6 6. Nbd2 Be7 7. c3 Nbd7 8. 0-0 0-0 9. Re1 c6 10. e4 dxe4 11. Nxe4 Nxe4 12. Qxe4 Nf6 13. Qh4 Nd5 14. Qg3 Bd6 15. Qg5 Qxg5 16. Nxg5 Nf6 17. Ne4 Nxe4 18. Rxe4 Rfe8 19. Bd2 Kf8 20. Rae1 Re7 21. Bg5 Rd7 22. Bf4 Bxf4 23. Rxf4 Re7 24. h3 Rae8 25. Rfe4 g6 26. f4 Kg7 1/2-1/2

[Event "ROM-ch U10"]
[Site "Calimanesti"]
[Date "2015.04.03"]
[Round "6"]
[White "Buca, Dragos Stefan"]
[Black "Ungureanu, David Mihai"]
[Result "0-1"]
[WhiteElo "1098"]
[BlackElo "1223"]
[PlyCount "76"]
[EventDate "2015.03.30"]
[EventType "swiss"]
[EventRounds "9"]
[EventCountry "ROU"]
[SourceTitle "CBM 165 Extra"]
[Source "ChessBase"]
[SourceDate "2015.04.21"]
[SourceVersion "1"]
[SourceVersionDate "2015.04.21"]
[SourceQuality "1"]

1. e4 e5 2. Nc3 Nc6 3. f4 Nf6 4. Nf3 d6 5. Bc4 h6 6. d3 Bg4 7. f5 Nd4 8. h3 Bxf3 9. gxf3 a6 10. a4 Nd7 11. Be3 c6 12. Ne2 Qh4+ 13. Bf2 Nxf3+ 14. Kf1 Qg5 15. Ng1 Nd2+ 16. Ke1 Nxc4 17. dxc4 0-0-0 18. Nf3 Qe7 19. Bh4 f6 20. b4 d5 21. cxd5 Qxb4+ 22. Nd2 Nc5 23. dxc6 Nxe4 24. cxb7+ Kb8 25. Rh2 Nxd2 26. Rxd2 Qxh4+ 27. Ke2 Rxd2+ 28. Qxd2 Be7 29. Qd7 Qe4+ 30. Kf2 Bc5+ 31. Kf1 Qh1+ 32. Ke2 Qxa1 33. Qc6 Qd4 34. Qxa6 Qe3+ 35. Kd1 Rd8+ 36. Qd3 Rxd3+ 37. cxd3 Qxd3+ 38. Ke1 Kxb7 0-1

[Event "ROM-ch U10"]
[Site "Calimanesti"]
[Date "2014.04.11"]
[Round "7"]
[White "Ungureanu, David Mihai"]
[Black "Titu, Robert Stefan"]
[Result "1-0"]
[WhiteElo "1250"]
[BlackElo "1064"]
[PlyCount "61"]
[EventDate "2014.04.06"]
[EventType "swiss"]
[EventRounds "9"]
[EventCountry "ROU"]
[SourceTitle "CBM 160 Extra"]
[Source "ChessBase"]
[SourceDate "2014.07.01"]
[SourceVersion "1"]
[SourceVersionDate "2014.07.01"]
[SourceQuality "1"]

1. e4 c5 2. d4 cxd4 3. c3 dxc3 4. Nxc3 e5 5. Nf3 Nc6 6. Bc4 Bc5 7. Bg5 Be7 8. Be3 Nf6 9. Qd2 Bb4 10. a3 Nxe4 11. Qc2 Bxc3+ 12. bxc3 Nf6 13. 0-0 0-0 14. Rad1 d5 15. Bxd5 Nxd5 16. c4 Nxe3 17. fxe3 Qb6 18. Rfe1 Bg4 19. Ng5 g6 20. Rd3 Bf5 21. Qf2 Bxd3 22. Qh4 h5 23. g4 Qa5 24. e4 Qc5+ 25. Kh1 Nd4 26. gxh5 Ne6 27. Nxe6 fxe6 28. hxg6 Rf1+ 29. Rxf1 Bxf1 30. Qh7+ Kf8 31. Qf7# 1-0